000 00314nam a2200133Ia 4500
008 251229s9999 xx 000 0 und d
020 _a9788185790152
100 _aKOKATE, C.K.
245 2 _aA TB OF PHARMACOGNSOY
250 _a43TH
260 _bNIRALI PRAKASHAN, PUNE
_c2021
300 _a10.14
942 _cBK
999 _c223696
_d223696